000 01011nam a2200313 4500
001 0000015112
003 CO-CtgCURN
005 20250329191006.0
007 ta
008 160627s1994 000 0 eng d
020 _a9701004361
040 _aCO-CtgCURN
_bspa
_ccoctgcurn
082 0 _a658
_bH37i
100 1 _aHernández y Rodríguez, Sergio.
245 1 0 _aIntroducción a la Administración :
_bun enfoque teorico-practico /
_cSergio Hernnadez y Rodríguez.
260 _aMexico :
_bMcGraw-Hill,
_c1994.
300 _axv, 372 p.
336 _2rdacontent
337 _2rdamedia
_asin mediacion
_bn
338 _2rdacarrier
_avolumen
_bnc
500 _aIncluye glosario español - ingles.
504 _aIncluye bibliografia.
650 1 4 _aAdministración pública
_xTratados y manuales.
650 1 4 _aGestion de empresas.
650 1 4 _aAdministración (Teoria)
908 _a160627
942 _cBK
_h658
_iH37i
_2ddc
999 _c10504
_d10504